Invernada de alta producción /

Guardado en:
Autor Principal: Ferrari, Oscar L.
Otros Autores: Speroni, Norberto A., comp.
Formato: Libro
Publicado: Buenos Aires : La Nación, 2006
Materias:
Etiquetas: Agregar Etiqueta
Sin Etiquetas, Sea el primero en etiquetar este registro!
LEADER 01271nam a22002055a 4500
001 CEM.cems017160
005 20110517110156.0
008 130507s2006##################000#0#####d
003 CEMS
020 |a 9789872168186 
082 0 4 |a 636.2 
100 1 |a Ferrari, Oscar L. 
245 1 0 |a Invernada de alta producción /  |c Compilado Por Oscar L. Ferrari y Norberto A. Speroni 
260 |a Buenos Aires :  |b La Nación,  |c 2006 
300 |a 413 p. 
505 0 |a La invernada como empresa -- Canales de comercialización de los animales terminados -- El proceso para logra carne de calidad -- Cómo medir la eficiencia física y económica de la invernada -- La invernada como proceso productivo -- Recursos forrajeros para la producción de carne vacuna -- Forrajeras para el subtrópico y para la región semiárida -- el porqué de las bajas ganancias de peso otoñales -- Relaciones entre el forraje y los animales -- Suplementación estratégica y estrategias de encierre -- Plan sanitario para animales durante la invernada -- Intensificación de la invernada en empresas mixtas 
653 |a Invernada 
700 1 |a Speroni, Norberto A., comp. 
859 |a CEMS  |b BIB. CEMS - Agricultura  |h 636.2  |i F412  |p A0886.09  |t Ej.1 
859 |a CEMS  |b BIB. CEMS - Agricultura  |h 636.2  |i F412  |p A1354.11  |t Ej.2